Numerical analysis / (Record no. 30189)

000 -LEADER
fixed length control field 01675 a2200265 4500
020 ## - INTERNATIONAL STANDARD BOOK NUMBER
International Standard Book Number 0534392008 (hardcover)
020 ## - INTERNATIONAL STANDARD BOOK NUMBER
International Standard Book Number 9780534392000 (hardcover)
090 ## - LOCALLY ASSIGNED LC-TYPE CALL NUMBER (OCLC); LOCAL CALL NUMBER (RLIN)
-- 1579
-- 1579
100 1# - MAIN ENTRY--PERSONAL NAME
Personal name Burden, Richard L.
245 10 - TITLE STATEMENT
Title Numerical analysis /
Statement of responsibility, etc. Richard L. Burden, J. Douglas Faires.
Remainder of title (Local Print)
250 ## - EDITION STATEMENT
Edition statement 9th ed.
260 ## - PUBLICATION, DISTRIBUTION, ETC.
Place of publication, distribution, etc. [S.l.] :
Name of publisher, distributor, etc. Brooks Cole,
Date of publication, distribution, etc. ND
300 ## - PHYSICAL DESCRIPTION
Extent 847 p. ;
Dimensions 24 cm.
700 1# - ADDED ENTRY--PERSONAL NAME
Personal name Faires, J. Douglas.
942 ## - ADDED ENTRY ELEMENTS (KOHA)
Institution code [OBSOLETE] SNS
Koha item type Book
Call number prefix 519.4 BUR
Holdings
Withdrawn status Lost status Damaged status Not for loan Permanent Location Current Location Date acquired Total Checkouts Total Renewals Full call number Barcode Date last seen Date last checked out Price effective from Koha item type Source of classification or shelving scheme Shelving location Checked out
        School of Natural Sciences (SNS) School of Natural Sciences (SNS) 05/26/2016 1 1 519.4 BUR SNS0001830 08/29/2019 08/27/2019 05/26/2016 Book      
      Not For Loan School of Natural Sciences (SNS) School of Natural Sciences (SNS) 05/26/2016     519.4 BUR SNS0001828 10/23/2017   05/26/2016 Book   Reference  
        School of Natural Sciences (SNS) School of Natural Sciences (SNS) 05/26/2016     519.4 BUR SNS0001831 05/26/2016   05/26/2016 Book      
        School of Natural Sciences (SNS) School of Natural Sciences (SNS) 05/26/2016 8   519.4 BUR SNS0001827 01/22/2026 01/22/2026 05/26/2016 Book     02/21/2026
        School of Natural Sciences (SNS) School of Natural Sciences (SNS) 05/26/2016 6   519.4 BUR SNS0001829 01/05/2026 01/05/2026 05/26/2016 Book     02/04/2026
        School of Natural Sciences (SNS) School of Natural Sciences (SNS) 05/26/2016     519.4 BUR SNS0001832 05/26/2016   05/26/2016 Book      
        School of Natural Sciences (SNS) School of Natural Sciences (SNS) 05/26/2016 5 1 519.4 BUR SNS0001833 01/12/2024 11/16/2023 05/26/2016 Book      
        School of Natural Sciences (SNS) School of Natural Sciences (SNS) 05/26/2016     519.4 BUR SNS0001834 05/26/2016   05/26/2016 Book      
        School of Natural Sciences (SNS) School of Natural Sciences (SNS) 05/26/2016     519.4 BUR SNS0001826 09/03/2019   05/26/2016 Book      
© 2023 Central Library, National University of Sciences and Technology. All Rights Reserved.